Capitales de Provincia Españolas por días de Lluvia - Estadísticas

Estadísticas generales
  • Esta prueba ha sido intentada 44 veces
  • La puntuación promedio es 37 de 52
Estadísticas de respuestas
Días de lluvia anuales Ciudad % Correcto
125,40 Oviedo
94%
127,30 La Coruña
92%
76,60 Barcelona
86%
125,60 Bilbao
86%
124,80 Lugo
86%
130 Pontevedra
86%
96,70 Orense
83%
125,70 Santander
83%
69,60 Logroño
81%
99,90 Vitoria-Gasteiz
81%
143,10 Donostia / San Sebastián
78%
65,40 Gerona
78%
49,20 Huelva
78%
60,70 Huesca
78%
45,90 Lérida
78%
44,60 Valencia
78%
43,10 Castellón de La Plana
75%
59,10 Madrid
75%
47,40 Tarragona
75%
52,10 Zaragoza
75%
51 Albacete
72%
34,70 Alicante
72%
84,70 Burgos
72%
63 Cáceres
72%
55,40 Jaén
72%
74,90 León
72%
64,90 Zamora
72%
58,10 Badajoz
69%
33,90 Murcia
69%
98,20 Pamplona / Iruña
69%
50 Sevilla
69%
79,80 Soria
69%
54 Teruel
69%
25 Almería
67%
55,10 Córdoba
67%
70,40 Cuenca
67%
59,80 Guadalajara
67%
80 Palencia
67%
50 Cádiz
64%
53,60 Palma de Mallorca
64%
63,20 Salamanca
64%
78,30 Segovia
64%
66,10 Ávila
61%
58,90 Ciudad Real
61%
20,60 Las Palmas de Gran Canaria
61%
53,30 Toledo
61%
67,40 Valladolid
61%
41,50 Málaga
58%
51 Granada
56%
28,60 Santa Cruz de Tenerife
56%
54 Ceuta
44%
42 Melilla
44%
No se encontraron pruebas coincidentes
Distribución de puntuación
Porcentaje de gente con cada puntuación
Porcentaje por número respondido
Historial de tus puntuaciones
No has intentado esta prueba.